[Event "Campeonato de Aragon por Equipos 2025 - "]
[Site "?"]
[Date "2025.03.22"]
[Round "9.12"]
[White "Jaime Galeano, Alcher"]
[Black "Navarro Remon, Mario"]
[Result "1-0"]
[WhiteElo "1967"]
[BlackElo "1919"]
[PlyCount "71"]
[GameId "2166500345131673"]
[EventDate "2025.01.25"]
[WhiteTeam "MyInvestor Casablanca B"]
[BlackTeam "Teruel"]

1. e4 e6 2. d3 d5 3. Qe2 Be7 4. Nf3 Nf6 5. g3 O-O 6. Bg2 c5 7. O-O b6 8. e5 Ne8 9. c4 Bb7 10. Nc3 Nc7 11. h4 Nc6 12. Bf4 a6 13. Rfd1 d4 14. Ne4 Ne8 15. a4 Ra7 16. Nh2 Kh8 17. h5 g5 18. hxg6 fxg6 19. Bh6 Rf5 20. g4 Rf7 21. f4 Qa8 22. Rf1 Ng7 23. Nf3 Nb4 24. Nfg5 Bxg5 25. fxg5 Bxe4 26. Bxe4 Qf8 27. Rf6 Qe8 28. Raf1 Kg8 29. Qf2 Rae7 30. b3 a5 31. Qh2 Na6 32. R1f4 Nc7 33. Qf2 Qd7 34. Bc6 Qxc6 35. Rxf7 Nf5 36. Rf8# 1-0

[Event "Campeonato de Aragon por Equipos 2025 - "]
[Site "?"]
[Date "2025.03.22"]
[Round "9.13"]
[White "Romero Pallares, Daniel"]
[Black "Cerrajeria Ruiz, Jesus Maria"]
[Result "1-0"]
[WhiteElo "2252"]
[BlackElo "2072"]
[PlyCount "91"]
[GameId "2166500345172634"]
[EventDate "2025.01.25"]
[WhiteTeam "Palacio De Pioneros"]
[BlackTeam "Helios"]

1. e4 c5 2. Nf3 Nc6 3. Bb5 Nf6 4. Bxc6 dxc6 5. d3 g6 6. h3 Bg7 7. O-O O-O 8. Nc3 b5 9. Be3 b4 10. Na4 c4 11. Nc5 cxd3 12. cxd3 Nd7 13. Qc2 Nxc5 14. Bxc5 a5 15. Rfd1 Qc7 16. d4 Rb8 17. b3 Rd8 18. Qc1 Ba6 19. Qe3 Qd7 20. Rd2 Qe8 21. Re1 Qf8 22. g4 h5 23. Qf4 hxg4 24. hxg4 Qe8 25. Kg2 e5 26. Nxe5 Bxe5 27. dxe5 Rxd2 28. Qxd2 Qxe5 29. Bd6 Rd8 30. Bxe5 Rxd2 31. Bf6 Bd3 32. Kf3 Kf8 33. Ke3 Rxa2 34. Rh1 Ke8 35. Rd1 Kd7 36. Rxd3+ Kc7 37. Be7 Kb6 38. f4 c5 39. f5 gxf5 40. gxf5 a4 41. bxa4 Rxa4 42. Rd5 c4 43. Kd4 c3 44. Kd3 b3 45. Kxc3 Rxe4 46. f6 1-0

[Event "Campeonato de Aragon por Equipos 2025 - "]
[Site "?"]
[Date "2025.03.22"]
[Round "9.14"]
[White "Lorente Melcon, Hector"]
[Black "Palacios Herrero, Pablo"]
[Result "1-0"]
[WhiteElo "1946"]
[BlackElo "2203"]
[PlyCount "51"]
[GameId "2166500345209499"]
[EventDate "2025.01.25"]
[WhiteTeam "Helios"]
[BlackTeam "Palacio De Pioneros"]

1. e4 e6 2. d4 d5 3. Nc3 Nf6 4. e5 Nfd7 5. f4 c5 6. Nce2 Nc6 7. c3 b5 8. dxc5 Bxc5 9. Nd4 Ncxe5 10. fxe5 Qh4+ 11. Kd2 Bxd4 12. cxd4 Qxd4+ 13. Kc2 Qxe5 14. Nf3 Qd6 15. Be3 b4 16. Rc1 O-O 17. Kb1 e5 18. Qc2 d4 19. Bd2 Bb7 20. Qc7 Be4+ 21. Ka1 Qxc7 22. Rxc7 Rfc8 23. Rxd7 Rc2 24. Be2 Rac8 25. Ba6 Re8 26. Rc1 1-0

[Event "Campeonato de Aragon por Equipos 2025 - "]
[Site "?"]
[Date "2025.03.22"]
[Round "9.15"]
[White "Lacruz Algarate, Alvaro"]
[Black "Carraminana Lopez, Luis Antonio"]
[Result "1/2-1/2"]
[WhiteElo "2109"]
[BlackElo "1929"]
[PlyCount "62"]
[GameId "2166500345246364"]
[EventDate "2025.01.25"]
[WhiteTeam "Palacio De Pioneros"]
[BlackTeam "Helios"]

1. e4 e5 2. Nf3 Nc6 3. Bc4 Bc5 4. c3 Nf6 5. d4 exd4 6. cxd4 Bb4+ 7. Bd2 Nxe4 8. Bxb4 Nxb4 9. Bxf7+ Kxf7 10. Qb3+ Kf8 11. Qxb4+ Qe7 12. Qxe7+ Kxe7 13. O-O Re8 14. Re1 Kf8 15. Nc3 Nxc3 16. Rxe8+ Kxe8 17. Re1+ Kf8 18. bxc3 d6 19. Re4 Bd7 20. Rf4+ Ke8 21. d5 a5 22. Rc4 c6 23. dxc6 bxc6 24. Rd4 Be6 25. a3 Rb8 26. h3 Rb1+ 27. Kh2 Bd5 28. Nd2 Rd1 29. Kg3 Kf7 30. c4 Be6 31. Rxd6 Ke7 1/2-1/2

[Event "Campeonato de Aragon por Equipos 2025 - "]
[Site "?"]
[Date "2025.03.22"]
[Round "9.19"]
[White "Morales Anadon, Tomas"]
[Black "Mimbela Lopez, Luis"]
[Result "1/2-1/2"]
[WhiteElo "1828"]
[BlackElo "1942"]
[PlyCount "21"]
[GameId "2166500345385632"]
[EventDate "2025.01.25"]
[WhiteTeam "Aulazenter"]
[BlackTeam "Agrupacion"]

1. d4 d5 2. Nf3 Nf6 3. e3 e6 4. Bd3 Be7 5. b3 O-O 6. O-O b6 7. Bb2 Bb7 8. Nbd2 Nbd7 9. Ne5 c5 10. f4 cxd4 11. exd4 1/2-1/2

[Event "Campeonato de Aragon por Equipos 2025 - "]
[Site "?"]
[Date "2025.03.22"]
[Round "9.20"]
[White "Atares Buisan, Sergio"]
[Black "Llanes Luno, Ricardo"]
[Result "1-0"]
[WhiteElo "2107"]
[BlackElo "2170"]
[PlyCount "57"]
[GameId "2166500345520801"]
[EventDate "2025.01.25"]
[WhiteTeam "Marcos Frechin A"]
[BlackTeam "ONCE CA Aragon Delicias"]

1. e4 c5 2. Nf3 e6 3. d4 cxd4 4. Nxd4 Nf6 5. Nc3 Nc6 6. Ndb5 d6 7. Bf4 e5 8. Bg5 a6 9. Na3 d5 10. Bxf6 gxf6 11. Nxd5 Bxa3 12. bxa3 Be6 13. Rb1 Qa5+ 14. Qd2 Qxd2+ 15. Kxd2 O-O-O 16. c4 f5 17. f3 fxe4 18. fxe4 f5 19. exf5 Bxf5 20. Bd3 e4 21. Rhf1 Bg6 22. Bc2 Rhe8 23. Kc3 Re5 24. Rbe1 b5 25. Rf6 Kb7 26. a4 bxc4 27. Rb1+ Ka7 28. Nc7 Nb8 29. Rfb6 1-0

[Event "Campeonato de Aragon por Equipos 2025 - "]
[Site "?"]
[Date "2025.03.22"]
[Round "9.22"]
[White "Moya Gimeno, Raul"]
[Black "Lamas Mercadal, Manuel"]
[Result "1/2-1/2"]
[WhiteElo "1958"]
[BlackElo "2105"]
[PlyCount "98"]
[GameId "2166500345664163"]
[EventDate "2025.01.25"]
[WhiteTeam "Marcos Frechin A"]
[BlackTeam "ONCE CA Aragon Delicias"]

1. e4 c5 2. Nf3 Nc6 3. d4 cxd4 4. Nxd4 e5 5. Nb5 d6 6. N1c3 a6 7. Na3 Be7 8. Be3 Nf6 9. Nc4 b5 10. Nb6 Rb8 11. Nxc8 Qxc8 12. Be2 O-O 13. a3 b4 14. Nd5 Nxd5 15. exd5 Nd4 16. Bxd4 exd4 17. O-O bxa3 18. bxa3 Qb7 19. a4 a5 20. Bc4 Rfc8 21. Qd3 Qb4 22. Bb3 Rc3 23. Qe4 Bf6 24. Rab1 Rbc8 25. Rfd1 g6 26. g3 Kg7 27. h4 R8c7 28. h5 Re7 29. Qf4 h6 30. hxg6 fxg6 31. Kg2 Rc8 32. Rd3 Rf8 33. Rf3 Ref7 34. Qe4 Bg5 35. Rxf7+ Rxf7 36. Rd1 Bf6 37. Qd3 Qc3 38. Bc4 Rc7 39. Bb3 Re7 40. Bc4 h5 41. Rb1 Rc7 42. Qxc3 dxc3 43. Bd3 Bd4 44. Rb5 Ra7 45. f3 Bc5 46. Rb8 Re7 47. Ra8 Bb4 48. Be4 Rc7 49. Re8 Rf7 1/2-1/2

[Event "Campeonato de Aragon por Equipos 2025 - "]
[Site "?"]
[Date "2025.03.22"]
[Round "9.23"]
[White "Laliena Solanes, Luis"]
[Black "Sanz Parron, Laura"]
[Result "1-0"]
[WhiteElo "2096"]
[BlackElo "1793"]
[PlyCount "99"]
[GameId "2166500345705124"]
[EventDate "2025.01.25"]
[WhiteTeam "ONCE CA Aragon Delicias"]
[BlackTeam "Marcos Frechin A"]

1. d4 d5 2. Nc3 Nf6 3. Bf4 a6 4. e3 c5 5. Nf3 e6 6. a3 Bd6 7. dxc5 Bxc5 8. Bd3 b5 9. Qe2 Bb7 10. Bxb5+ Nbd7 11. Bd3 Ne4 12. Bxe4 dxe4 13. Nd2 f5 14. Nc4 O-O 15. Rd1 Qe7 16. Ne5 Nb6 17. b4 Bd6 18. Nc4 Nxc4 19. Qxc4 Bxf4 20. exf4 Rac8 21. Qb3 Qf6 22. Na4 Bd5 23. Qe3 Rxc2 24. O-O Bc4 25. Rc1 Bxf1 26. Rxc2 Bd3 27. Rc1 Rd8 28. h3 h6 29. Qb6 Re8 30. Qb7 Qd4 31. Qb6 Qd7 32. Nb2 Qd5 33. Qc6 Qxc6 34. Rxc6 Kf7 35. Nxd3 exd3 36. Rd6 Ke7 37. Rxd3 Rc8 38. Kh2 Rc2 39. Kg3 Ra2 40. Kf3 Kf6 41. Ke3 Ke7 42. g3 g6 43. h4 Ra1 44. Kd4 Ra2 45. Kc5 Rxf2 46. Kb6 Rc2 47. Kxa6 e5 48. fxe5 g5 49. hxg5 hxg5 50. b5 1-0

[Event "Campeonato de Aragon por Equipos 2025 - "]
[Site "?"]
[Date "2025.03.22"]
[Round "9.24"]
[White "Del Rey, Diego"]
[Black "Jario Garcia, Ricardo"]
[Result "1-0"]
[WhiteElo "2275"]
[BlackElo "1996"]
[PlyCount "39"]
[GameId "2166500345750181"]
[EventDate "2025.01.25"]
[WhiteTeam "El Olivar"]
[BlackTeam "Marcos Frechin B"]

1. d4 Nf6 2. Nf3 d6 3. Bg5 Ne4 4. Bf4 b6 5. g3 Bb7 6. Bg2 e6 7. O-O Nd7 8. Ng5 Nxg5 9. Bxg5 Qxg5 10. Bxb7 Rd8 11. f4 Qb5 12. Nc3 Qc4 13. Qd2 c5 14. d5 Be7 15. dxe6 Qxe6 16. Bd5 Qf6 17. Bb3 h5 18. Rad1 Rh6 19. Nd5 Qxb2 20. Qe3 1-0

[Event "Campeonato de Aragon por Equipos 2025 - "]
[Site "?"]
[Date "2025.03.22"]
[Round "9.25"]
[White "Portero Garnica, Miguel Angel"]
[Black "Galstyan, David"]
[Result "0-1"]
[WhiteElo "2022"]
[BlackElo "2279"]
[PlyCount "72"]
[GameId "2166500345787046"]
[EventDate "2025.01.25"]
[WhiteTeam "Marcos Frechin B"]
[BlackTeam "El Olivar"]

1. e4 e6 2. d4 d5 3. e5 c5 4. Nf3 cxd4 5. Bd3 Nc6 6. O-O Nge7 7. Bf4 Ng6 8. Bg3 Be7 9. Nbd2 f5 10. exf6 gxf6 11. Nh4 f5 12. Nxg6 hxg6 13. f4 g5 14. Qe1 g4 15. Nb3 Kf7 16. Rd1 Bf6 17. Qf2 Qb6 18. Rfe1 Bd7 19. a3 a5 20. a4 Nb4 21. Bb5 Bxb5 22. axb5 a4 23. Qd2 axb3 24. Qxb4 bxc2 25. Rd2 Rac8 26. Rc1 Rc4 27. Qb3 Rhc8 28. Bf2 Qc5 29. h3 Qb4 30. Qxb4 Rxb4 31. Rcxc2 Rxc2 32. Rxc2 Rxb5 33. hxg4 fxg4 34. Rd2 Rb4 35. Kf1 Kg6 36. Rd3 Kf5 0-1

[Event "Campeonato de Aragon por Equipos 2025 - "]
[Site "?"]
[Date "2025.03.22"]
[Round "9.26"]
[White "Munoz Perez, Ivan"]
[Black "Prats Fares, Nahuel"]
[Result "1-0"]
[WhiteElo "2231"]
[BlackElo "1926"]
[PlyCount "79"]
[GameId "2166500345823911"]
[EventDate "2025.01.25"]
[WhiteTeam "El Olivar"]
[BlackTeam "Marcos Frechin B"]

1. e4 e6 2. d4 d5 3. Nd2 c5 4. exd5 Qxd5 5. Ngf3 cxd4 6. Bc4 Qd6 7. O-O Nf6 8. Nb3 Nc6 9. Nbxd4 Nxd4 10. Qxd4 Qxd4 11. Nxd4 Bc5 12. Bb5+ Bd7 13. Bxd7+ Kxd7 14. Rd1 Ke7 15. Bg5 Rhd8 16. Nb3 Bb6 17. Kf1 h6 18. Bxf6+ Kxf6 19. Ke2 e5 20. f3 Ke6 21. a4 a5 22. c4 Rxd1 23. Rxd1 Rd8 24. Rxd8 Bxd8 25. Nc5+ Ke7 26. Nxb7 Bb6 27. c5 Bc7 28. Kd3 Kd7 29. Kc4 Kc6 30. Nd6 Bxd6 31. cxd6 Kxd6 32. b4 axb4 33. Kxb4 Kc6 34. Kc4 Kb6 35. Kd5 f6 36. g4 h5 37. gxh5 Ka5 38. Ke6 Kxa4 39. h6 gxh6 40. Kxf6 1-0

[Event "Campeonato de Aragon por Equipos 2025 - "]
[Site "?"]
[Date "2025.03.22"]
[Round "9.27"]
[White "Jario Dominguez, Diego"]
[Black "Miranda Herrera, Miguel"]
[Result "1-0"]
[WhiteElo "1907"]
[BlackElo "2160"]
[PlyCount "101"]
[GameId "2166500345856680"]
[EventDate "2025.01.25"]
[WhiteTeam "Marcos Frechin B"]
[BlackTeam "El Olivar"]

1. e4 e5 2. Nf3 d6 3. d4 exd4 4. Nxd4 Nf6 5. Nc3 Be7 6. Bc4 O-O 7. h3 c6 8. O-O b5 9. Bd3 b4 10. Nce2 c5 11. Nf3 Bb7 12. Ng3 d5 13. exd5 Qxd5 14. Re1 Re8 15. Re5 Qc6 16. Qe2 Qc7 17. Nf5 Bxf3 18. Nxe7+ Qxe7 19. Rxe7 Bxe2 20. Rxe8+ Nxe8 21. Bxe2 Nd7 22. Be3 Rc8 23. Rd1 Ndf6 24. Ba6 Rc7 25. Rd8 Kf8 26. Rc8 Nd7 27. Rxc7 Nxc7 28. Bc8 Ke7 29. Bxd7 Kxd7 30. Bxc5 a5 31. Bb6 a4 32. Bxc7 Kxc7 33. Kf1 Kc6 34. Ke2 Kb5 35. Kd3 Kc5 36. c4 bxc3 37. Kxc3 h6 38. a3 f5 39. h4 g5 40. h5 f4 41. f3 Kd5 42. b4 axb3 43. a4 g4 44. a5 gxf3 45. gxf3 b2 46. Kxb2 Kd4 47. a6 Ke3 48. a7 Kxf3 49. a8=Q+ Kf2 50. Qa7+ Kg2 51. Qg7+ 1-0

[Event "Campeonato de Aragon por Equipos 2025 - "]
[Site "?"]
[Date "2025.03.22"]
[Round "9.28"]
[White "Lopez Caudevilla, David"]
[Black "Ramo Frontinan, Cristobal"]
[Result "1/2-1/2"]
[WhiteElo "2186"]
[BlackElo "2293"]
[PlyCount "30"]
[GameId "2166500345893545"]
[EventDate "2025.01.25"]
[WhiteTeam "Actur Rey Fernando"]
[BlackTeam "Maristas"]

1. Nf3 d5 2. g3 Nf6 3. Bg2 e6 4. O-O Be7 5. d3 O-O 6. c4 c5 7. b3 b6 8. Bb2 Bb7 9. Nbd2 Nc6 10. a3 Qd7 11. Ne5 Nxe5 12. Bxe5 dxc4 13. Bxb7 Qxb7 14. bxc4 Nd7 15. Bc3 Bf6 1/2-1/2

[Event "Campeonato de Aragon por Equipos 2025 - "]
[Site "?"]
[Date "2025.03.22"]
[Round "9.29"]
[White "Neila Castillo, Miguel Angel"]
[Black "Perez Puyal, Jose Joaquin"]
[Result "1-0"]
[WhiteElo "2119"]
[BlackElo "1901"]
[PlyCount "125"]
[GameId "2166500345930410"]
[EventDate "2025.01.25"]
[WhiteTeam "Maristas"]
[BlackTeam "Actur Rey Fernando"]

1. b3 f5 2. Bb2 Nf6 3. f4 e6 4. Nf3 b6 5. e3 Bb7 6. c4 Be7 7. Be2 O-O 8. O-O Ne4 9. Nc3 Bf6 10. d4 d6 11. Qc2 Nd7 12. Nd2 Nxd2 13. Qxd2 g6 14. Bf3 Bxf3 15. Rxf3 Bg7 16. e4 Nf6 17. Re1 Qd7 18. Qe2 Rae8 19. e5 Nh5 20. Rd1 d5 21. cxd5 exd5 22. Ba3 Rf7 23. Nb5 Bf8 24. Re1 Ng7 25. Bxf8 Kxf8 26. a4 Ne6 27. Qd2 a6 28. Nc3 Rd8 29. Rd3 Qe7 30. g3 Qb4 31. Na2 Qxd2 32. Rxd2 c5 33. dxc5 bxc5 34. Red1 Nd4 35. Rd3 a5 36. Kf2 Rb7 37. Nc1 Rb4 38. Rc3 Ne6 39. Nd3 Rb6 40. Nxc5 Nxc5 41. Rxc5 d4 42. Rd3 Rdb8 43. Rxa5 Rxb3 44. Rxb3 Rxb3 45. Rd5 Rb2+ 46. Kf3 Rxh2 47. Rxd4 Ra2 48. Rb4 Ra3+ 49. Kf2 Kf7 50. Rb7+ Kg8 51. Ra7 h6 52. a5 g5 53. fxg5 hxg5 54. Ra6 Kg7 55. Ra7+ Kf8 56. e6 Ke8 57. a6 f4 58. gxf4 gxf4 59. e7 f3 60. Kg3 Re3 61. Rb7 Ra3 62. a7 Kf7 63. Rb8 1-0

[Event "Campeonato de Aragon por Equipos 2025 - "]
[Site "?"]
[Date "2025.03.22"]
[Round "9.30"]
[White "Aviol Perez, Jose Mariano"]
[Black "Naya Sancho, Jose Ignacio"]
[Result "0-1"]
[WhiteElo "1884"]
[BlackElo "2076"]
[PlyCount "92"]
[GameId "2166500345963179"]
[EventDate "2025.01.25"]
[WhiteTeam "Actur Rey Fernando"]
[BlackTeam "Maristas"]

1. d4 d5 2. Nf3 Nf6 3. c4 dxc4 4. e3 e6 5. Bxc4 c5 6. O-O a6 7. dxc5 Qxd1 8. Rxd1 Bxc5 9. a3 Nbd7 10. b4 Be7 11. Bb2 O-O 12. Nbd2 b5 13. Be2 Bb7 14. Nb3 Rfc8 15. Rac1 Be4 16. Ne1 Bd5 17. Nd2 Nb6 18. Kf1 Kf8 19. Bd4 Nfd7 20. e4 Ba2 21. Ra1 Bc4 22. Nd3 Rc7 23. f4 f6 24. Rdc1 Rac8 25. Bb2 Kf7 26. Ke1 Na4 27. Bd4 Ndb6 28. Kd1 Bxd3 29. Bxd3 Nc4 30. Nxc4 bxc4 31. Bc2 Rd7 32. Ke2 Rxd4 33. Ke3 Rcd8 34. Bxa4 Rd2 35. Rc3 a5 36. bxa5 Bc5+ 37. Kf3 Bd4 38. Rac1 Bxc3 39. Rxc3 R2d3+ 40. Rxd3 Rxd3+ 41. Kf2 Rxa3 42. Bb5 c3 43. Ke3 Rxa5 44. Bc4 Rc5 45. Kd4 Rxc4+ 46. Kxc4 c2 0-1

[Event "Campeonato de Aragon por Equipos 2025 - "]
[Site "?"]
[Date "2025.03.22"]
[Round "9.32"]
[White "Colon Garcia, Santiago"]
[Black "Gutierrez Mingueza, Ruben"]
[Result "1/2-1/2"]
[WhiteElo "1939"]
[BlackElo "2008"]
[PlyCount "59"]
[GameId "2166500346143405"]
[EventDate "2025.01.25"]
[WhiteTeam "Marcos Frechin C"]
[BlackTeam "San Jose"]

1. d4 Nf6 2. e3 e6 3. f4 d5 4. Bd3 c5 5. c3 Bd6 6. Nf3 b6 7. O-O a5 8. Ne5 Ba6 9. Bxa6 Rxa6 10. Nd2 b5 11. Qe2 Qb6 12. g4 Nc6 13. g5 Ng8 14. Rf2 Nge7 15. Nf1 Nf5 16. Ng3 Nce7 17. Bd2 Ra7 18. a3 O-O 19. Nh5 Bxe5 20. fxe5 g6 21. Nf6+ Kg7 22. Raf1 Ng8 23. Qg4 h5 24. gxh6+ Ngxh6 25. Qg2 Rh8 26. Qg5 Qd8 27. Nh5+ Kh7 28. Nf6+ Kg7 29. Nh5+ Kh7 30. Nf6+ 1/2-1/2

[Event "Campeonato de Aragon por Equipos 2025 - "]
[Site "?"]
[Date "2025.03.22"]
[Round "9.33"]
[White "Ferreruela Romero, Jose Joaquin"]
[Black "Gaspar Calvo, Luis Alberto"]
[Result "1-0"]
[WhiteElo "1972"]
[BlackElo "1901"]
[PlyCount "83"]
[GameId "2166500346180270"]
[EventDate "2025.01.25"]
[WhiteTeam "San Jose"]
[BlackTeam "Marcos Frechin C"]

1. d4 Nf6 2. Bf4 g6 3. Nc3 d5 4. e3 Bg7 5. h4 h5 6. Nf3 Bg4 7. Be2 a6 8. Ng5 Bxe2 9. Qxe2 c5 10. O-O cxd4 11. exd4 Nc6 12. Be5 O-O 13. Nd1 Nxe5 14. dxe5 Ng4 15. e6 Qc7 16. g3 f5 17. f4 Qc5+ 18. Kh1 Rac8 19. c3 d4 20. Nf3 dxc3 21. Nxc3 Bxc3 22. bxc3 Qc4 23. Qxc4 Rxc4 24. Rab1 b5 25. Rb3 Rfc8 26. Ra3 Rxc3 27. Rxc3 Rxc3 28. Ng5 Rxg3 29. Rc1 Rd3 30. Rc7 Rd1+ 31. Kg2 Ne3+ 32. Kf2 Nd5 33. Rd7 Rd4 34. Nf3 Rd1 35. Ra7 Nxf4 36. Rxe7 Rd8 37. Ng5 Nxe6 38. Nxe6 Rd2+ 39. Ke3 Rxa2 40. Kf4 g5+ 41. hxg5 h4 42. g6 1-0

[Event "Campeonato de Aragon por Equipos 2025 - "]
[Site "?"]
[Date "2025.03.22"]
[Round "9.34"]
[White "Torres Ferrandez, Mario"]
[Black "Palomar Ramon, Santiago"]
[Result "0-1"]
[WhiteElo "1889"]
[BlackElo "1943"]
[PlyCount "74"]
[GameId "2166500346221231"]
[EventDate "2025.01.25"]
[WhiteTeam "Marcos Frechin C"]
[BlackTeam "San Jose"]

1. d4 Nf6 2. Bf4 c6 3. e3 d6 4. Bd3 Bg4 5. f3 Be6 6. c3 g6 7. e4 Bg7 8. Qd2 O-O 9. Bh6 Ne8 10. h4 f6 11. Ne2 Bf7 12. g4 e6 13. Na3 Nd7 14. O-O-O b5 15. Bxg7 Nxg7 16. h5 g5 17. h6 Ne8 18. d5 Ne5 19. f4 Nxd3+ 20. Qxd3 exd5 21. exd5 Bxd5 22. Rhe1 a6 23. b3 Qa5 24. Kb2 Rf7 25. Nd4 b4 26. cxb4 Qxb4 27. Nac2 Qb6 28. Nf5 Qd8 29. fxg5 fxg5 30. Qe3 Qf6+ 31. Kb1 Nc7 32. Nb4 Nb5 33. Nxd5 Na3+ 34. Kc1 Qa1+ 35. Kd2 Qb2+ 36. Kd3 Qc2+ 37. Kd4 Nb5# 0-1

[Event "Campeonato de Aragon por Equipos 2025 - "]
[Site "?"]
[Date "2025.03.22"]
[Round "9.35"]
[White "Tarela Perez, Jose Gerardo"]
[Black "De Francisco Gracia, Diego"]
[Result "1/2-1/2"]
[WhiteElo "1822"]
[BlackElo "1749"]
[PlyCount "81"]
[GameId "2166500346270384"]
[EventDate "2025.01.25"]
[WhiteTeam "San Jose"]
[BlackTeam "Marcos Frechin C"]

1. e4 e6 2. d4 d5 3. e5 c5 4. c3 Bd7 5. a3 Ne7 6. Nf3 Nbc6 7. b4 cxd4 8. cxd4 Nf5 9. Be2 Qb6 10. Bb2 Rc8 11. g4 Nfe7 12. Nc3 Ng6 13. Rc1 Be7 14. Qd2 h6 15. Na4 Qd8 16. Nc5 b6 17. Nd3 Nh4 18. Nxh4 Bxh4 19. O-O Bg5 20. f4 Be7 21. Bd1 a5 22. b5 Na7 23. Rxc8 Nxc8 24. a4 g6 25. Bc1 Bf8 26. Qf2 Qc7 27. Qc2 Qxc2 28. Bxc2 h5 29. g5 Ne7 30. Nf2 Bc8 31. Ba3 Kd7 32. Bxe7 Bxe7 33. Nd3 Bb7 34. Bb3 Rc8 35. Rc1 Rxc1+ 36. Nxc1 Bb4 37. Ne2 Bc8 38. Kg2 Bb7 39. Bd1 Ke7 40. Ng3 Bc3 41. Ne2 1/2-1/2

[Event "Campeonato de Aragon por Equipos 2025 - "]
[Site "?"]
[Date "2025.03.22"]
[Round "9.36"]
[White "Sancho Cortes, Miguel Angel"]
[Black "Galve Guinea, Alejandro"]
[Result "0-1"]
[WhiteElo "2017"]
[BlackElo "1949"]
[PlyCount "104"]
[GameId "2166500346307249"]
[EventDate "2025.01.25"]
[WhiteTeam "Iberajedrez Mundo 64 B"]
[BlackTeam "El Olivar C"]

1. e4 e6 2. d4 d5 3. exd5 exd5 4. c4 Nf6 5. Nc3 dxc4 6. Bxc4 Bd6 7. Nge2 O-O 8. h3 Nc6 9. Bg5 h6 10. Bh4 Bf5 11. O-O Be7 12. Bg3 Bd6 13. f4 a6 14. a4 Nb4 15. Bf2 c6 16. a5 Qe7 17. Rc1 Be6 18. Bd3 Nxd3 19. Qxd3 Rad8 20. Bh4 Bc8 21. Rce1 Bc7 22. Ng3 Qd6 23. Nf5 Bxf5 24. Qxf5 Qxd4+ 25. Kh1 Rd6 26. Rd1 Qb4 27. Rxd6 Qxd6 28. b4 Re8 29. Bxf6 Qxf6 30. Qxf6 gxf6 31. f5 Re3 32. Rc1 Be5 33. Na4 Rb3 34. Nc5 Rxb4 35. g4 Rb5 36. Rc4 Kg7 37. Kg2 Bc7 38. Nxa6 bxa6 39. Rxc6 Bxa5 40. Rxa6 Bc7 41. Ra3 Ra5 42. Rd3 Be5 43. Kf2 Rc5 44. Rb3 Rc2+ 45. Kg1 Rc3 46. Rb4 Rxh3 47. Kf2 Rh4 48. Kf3 h5 49. Rb1 hxg4+ 50. Kg2 Rh2+ 51. Kg1 g3 52. Rb4 Rd2 0-1

[Event "Campeonato de Aragon por Equipos 2025 - "]
[Site "?"]
[Date "2025.03.22"]
[Round "9.37"]
[White "De La Riva Fernandez, Eduardo"]
[Black "Jimenez Fernandez, Alejandro"]
[Result "0-1"]
[WhiteElo "1820"]
[BlackElo "1956"]
[PlyCount "90"]
[GameId "2166500346344114"]
[EventDate "2025.01.25"]
[WhiteTeam "El Olivar C"]
[BlackTeam "Iberajedrez Mundo 64 B"]

1. e4 c6 2. d4 d5 3. e5 c5 4. dxc5 e6 5. Be3 Qc7 6. Nf3 Nd7 7. Bb5 Bxc5 8. Bxc5 Qxc5 9. Bxd7+ Bxd7 10. O-O Ne7 11. Nbd2 O-O 12. Nb3 Qc7 13. Nbd4 a6 14. c3 b5 15. Rc1 Rfc8 16. Re1 Qc4 17. a3 Ra7 18. Re3 Qa2 19. Qc2 Qc4 20. Ng5 h6 21. Qh7+ Kf8 22. Ndxe6+ Bxe6 23. Nxe6+ fxe6 24. Rg3 Nf5 25. Rf3 Rf7 26. Qg6 Rcc7 27. Qxe6 Rc6 28. b3 Rxe6 29. bxc4 dxc4 30. g4 Ne7 31. Rxf7+ Kxf7 32. Rd1 Rxe5 33. Rd6 Re6 34. Rd7 Kf6 35. Rd4 Re1+ 36. Kg2 Ra1 37. Rd6+ Kf7 38. Rxa6 Rc1 39. Rb6 Rxc3 40. Rxb5 Rxa3 41. Rc5 Rc3 42. Kf1 Ke6 43. Ke2 Kd6 44. Ra5 Nc6 45. Rf5 Nd4+ 0-1

[Event "Campeonato de Aragon por Equipos 2025 - "]
[Site "?"]
[Date "2025.03.22"]
[Round "9.38"]
[White "Moreno Burillo, Marcos Antonio"]
[Black "Sisas Mainar, Izan"]
[Result "1-0"]
[WhiteElo "1906"]
[BlackElo "1785"]
[PlyCount "43"]
[GameId "2166500346376883"]
[EventDate "2025.01.25"]
[WhiteTeam "Iberajedrez Mundo 64 B"]
[BlackTeam "El Olivar C"]

1. d4 d5 2. c4 e6 3. Nc3 a6 4. cxd5 exd5 5. Nf3 c6 6. Qc2 Bd6 7. a3 h6 8. e4 dxe4 9. Nxe4 Bc7 10. Bd3 Ne7 11. O-O O-O 12. Re1 Bg4 13. Ne5 Be6 14. Nc5 Qxd4 15. Nf3 Qg4 16. h3 Qh5 17. Nxe6 fxe6 18. Rxe6 Nf5 19. Qb3 Kh8 20. Qxb7 Nh4 21. Qxc7 Nxf3+ 22. gxf3 1-0

[Event "Campeonato de Aragon por Equipos 2025 - "]
[Site "?"]
[Date "2025.03.22"]
[Round "9.39"]
[White "Marco Garcia, Francho"]
[Black "Barranco Castillo, Jose Antonio"]
[Result "1/2-1/2"]
[WhiteElo "1765"]
[BlackElo "1828"]
[PlyCount "86"]
[GameId "2166500346417844"]
[EventDate "2025.01.25"]
[WhiteTeam "El Olivar C"]
[BlackTeam "Iberajedrez Mundo 64 B"]

1. e4 d6 2. d4 Nf6 3. Nc3 e5 4. d5 c6 5. Bc4 b5 6. Bb3 b4 7. Nce2 c5 8. Ba4+ Nbd7 9. Ng3 Be7 10. a3 a5 11. axb4 axb4 12. Nf5 O-O 13. Bxd7 Rxa1 14. Bxc8 Nxe4 15. Nxe7+ Qxe7 16. Bg4 f5 17. Be2 c4 18. Nf3 c3 19. b3 f4 20. O-O Nc5 21. Bb5 Rfa8 22. Re1 Qf6 23. Bc6 R8a2 24. Nxe5 dxe5 25. d6 Ne6 26. Bd5 Kf8 27. Bxe6 Rxc1 28. Qxc1 Qxe6 29. d7 Ke7 30. Qd1 Ra8 31. Qh5 Kxd7 32. Qxh7 Qe7 33. Qe4 Ra2 34. Qb7+ Ke8 35. Qc8+ Kf7 36. h3 Kf6 37. Qc6+ Qe6 38. Qe4 Qf5 39. Qxb4 Rxc2 40. Qf8+ Kg6 41. Qe8+ Kf6 42. Qf8+ Kg6 43. Qe8+ Kf6 1/2-1/2

[Event "Campeonato de Aragon por Equipos 2025 - "]
[Site "?"]
[Date "2025.03.22"]
[Round "9.40"]
[White "Dan, Teodor"]
[Black "Ramon Perez, Jose Luis"]
[Result "1-0"]
[WhiteElo "2068"]
[BlackElo "2120"]
[PlyCount "95"]
[GameId "2166500346450613"]
[EventDate "2025.01.25"]
[WhiteTeam "Palacio De Pioneros B"]
[BlackTeam "Fraga"]

1. d4 Nf6 2. c4 c5 3. d5 e5 4. Nc3 d6 5. e4 Nbd7 6. Nge2 a6 7. Ng3 h5 8. h4 g6 9. Bg5 Be7 10. Be2 Nh7 11. Bxe7 Qxe7 12. Qd2 Qf6 13. Bd3 Rb8 14. O-O-O O-O 15. Kb1 b5 16. cxb5 Nb6 17. bxa6 c4 18. Bc2 Bxa6 19. Nf1 Nd7 20. Ne3 Rb4 21. a3 Rb7 22. Rdg1 Rfb8 23. Ned1 Qf4 24. Qxf4 exf4 25. Na2 Ne5 26. Nb4 Bb5 27. f3 Nf6 28. Nc3 Ra8 29. Kc1 Nfd7 30. g3 Nxf3 31. Rf1 Nd4 32. gxf4 Nc5 33. Rd1 Nxc2 34. Kxc2 Bd7 35. Rd4 Bb5 36. Nxb5 Rxb5 37. Rxc4 Re8 38. Re1 Nd7 39. a4 Ra5 40. Nc6 Rxd5 41. exd5 Rxe1 42. a5 Ra1 43. b4 f5 44. b5 Nc5 45. Rxc5 dxc5 46. b6 Ra2+ 47. Kb1 Ra3 48. Kb2 1-0